000 00317nam a22001337a 4500
020 _a812860837-1
082 _a823
_bJON/P
100 _aLIZZIE MCGUIRE
245 _aPICTURE THIS
260 _aMUMBAI
_bEURO BOOKS INTERNATIONAL
_c2007
300 _a134
650 _aFROM THE HIT TV SERIES ON DISNEY CHANNEL
942 _cBK
999 _c458
_d458